000 00739nam a22001935i 4500
001 159044
003 ES-MaACL
005 20251014063227.0
008 010406s1891 po |||| | por d
100 1 _aMartins, Oliveira,
_d1845-1894
_9129586
245 1 0 _aPortugal em Africa
_b: a questão colonial, o conflicto anglo-portuguez /
_cpor J.P. Oliveira Martins.
260 _aPorto :
_bLugan & Genelioux, Successores,
_c1891 (
_fTyp. de A.J. da Silva Teixeira)
300 _aXI, 240 p. ;
_c20 cm.
490 1 _aCarteira de um jornalista ;
_v1
651 _aPortugal-
_xColonias-
_zÁfrica.
_99250
830 1 _aCarteira de um jornalista ;
_v1
_9221903
852 _aES-MaACL
_jF-7931
_z- Enc. hol.
999 _c159044
_d159044